La práctica de la terapia como construcción social /

Bibliographic Details
Main Authors: McNamee, Sheila (Author), Rasera, Emerson F. (Author), Martins, Pedro (Author)
Other Authors: Gergen, Kenneth J. (contributor agent of text.), Di Masso, Gerardo (Translator)
Format: Electronic eBook
Language:Spanish
English
Published: Sabadell (Barcelona) : Montaber : Marge Books, [2024]
Edition:1a edición.
Series:Colección Psico Logos.
Subjects:
Online Access:Digitalia Hispánica

MARC

LEADER 00000nam a2200000Ii 4500
001 DIGMARGE0246
003 NyNyDIG
006 m o d
007 cr |||||||||||
008 240708s2024 sp a ob 001 0 spa d
035 |a (OCoLC)1430476650 
040 |a DGITA  |b eng  |e rda  |e pn  |c DGITA 
020 |a 9788419109675  |q edición digital 
020 |z 9788419109668  |q edición impresa 
041 1 |a spa  |h eng 
050 1 4 |a RC437.5 ebook 
082 0 4 |a 616.891401  |2 23 
100 1 |a McNamee, Sheila,  |e author. 
240 1 0 |a Practicing therapy as social construction.  |l Spanish  |s (Di Masso) 
245 1 3 |a La práctica de la terapia como construcción social /  |c Sheila McNamee, Emerson F. Rasera, Pedro Martins ; prólogo de Kenneth J. Gergen ; traducción, Gerardo Di Masso. 
250 |a 1a edición. 
264 1 |a Sabadell (Barcelona) :  |b Montaber :  |b Marge Books,  |c [2024] 
300 |a 1 online resource :  |b illustrations. 
336 |a text  |b txt  |2 rdacontent 
337 |a computer  |b c  |2 rdamedia 
338 |a online resource  |b cr  |2 rdacarrier 
347 |a text file  |2 rdaft 
347 |b PDF 
490 1 |a Colección: Psico·Logos 
504 |a Includes bibliographical references and index. 
588 0 |a Online resource; title from PDF title page (Digitalia, viewed July 8, 2024) 
650 0 |a Psychotherapy  |x Philosophy. 
650 0 |a Social constructionism. 
650 0 |a Psychotherapy. 
700 1 |a Rasera, Emerson F.,  |e author. 
700 1 |a Martins, Pedro,  |e author. 
700 1 |a Gergen, Kenneth J.,  |e contributor agent of text. 
700 1 |a Di Masso, Gerardo,  |e translator. 
700 1 |i Translation of:  |a McNamee, Sheila.  |t Practicing therapy as social construction. 
791 2 |a Digitalia (Firm),  |e distributor. 
793 0 |g Digitalia eBook Collection:  |a Marge Books 
776 0 8 |i Print version:  |a McNamee, Sheila.  |s Practicing therapy as social construction. Spanish (Di Masso).  |t Práctica de la terapia como construcción social.  |b 1a edición.  |d Sabadell (Barcelona) : Montaber : Marge Books, [2024]  |z 9788419109668 
830 0 |a Colección Psico Logos. 
856 4 0 |3 Digitalia Hispánica  |u https://www.digitaliapublishing.com/a/144678/